Principles of electric circuits : (Record no. 188616)
[ view plain ]
| 000 -LEADER | |
|---|---|
| fixed length control field | 01278 a2200205 4500 |
| 003 - CONTROL NUMBER IDENTIFIER | |
| control field | Nust |
| 005 - DATE AND TIME OF LATEST TRANSACTION | |
| control field | 20221124125237.0 |
| 010 ## - LIBRARY OF CONGRESS CONTROL NUMBER | |
| LC control number | 2002019608 |
| 020 ## - INTERNATIONAL STANDARD BOOK NUMBER | |
| International Standard Book Number | 0130995940 |
| 040 ## - CATALOGING SOURCE | |
| Transcribing agency | Nust |
| 082 00 - DEWEY DECIMAL CLASSIFICATION NUMBER | |
| Classification number | 621.38132,FLO |
| 100 1# - MAIN ENTRY--PERSONAL NAME | |
| Personal name | Floyd, Thomas L. |
| 9 (RLIN) | 10192 |
| 245 10 - TITLE STATEMENT | |
| Title | Principles of electric circuits : |
| Remainder of title | conventional current version / |
| Statement of responsibility, etc. | Thomas L. Floyd. |
| 250 ## - EDITION STATEMENT | |
| Edition statement | 7th ed. |
| 260 ## - PUBLICATION, DISTRIBUTION, ETC. | |
| Place of publication, distribution, etc. | Upper Saddle River, N.J. : |
| Name of publisher, distributor, etc. | Prentice Hall, |
| Date of publication, distribution, etc. | c2003. |
| 300 ## - PHYSICAL DESCRIPTION | |
| Extent | xv, 992 p. : |
| Other physical details | ill. (some col.) ; |
| Dimensions | 29 cm. |
| 505 ## - FORMATTED CONTENTS NOTE | |
| Formatted contents note | Components, Quantities and Units (Page-5), Voltage, Current and Resistance (Page-22), Ohm’s Law (Page-78), Energy And Power (Page-106), Series Circuits (Page-128), Parallel Circuits (Page-184), Series Parallel Circuits (Page-238), Circuits Theorems and Conversions (Page-294), Branch, Mesh and Node Analysis (Page-346), Magnetism and Electromagnetism (Page-378), Introduction to Alternating Current (Page-414), Phasors and Complex Numbers (Page-468), Capacitor (Page-498), Inductor (Page-556), RLC Circuits and Resonance (Page-758), Basic Filters (Page-812), Circuit Theorems in AC Analysis (Page-846), Pulse Response of Reactive Circuits (Page-882), Polyphase Systems in Power Applications |
| 650 #0 - SUBJECT ADDED ENTRY--TOPICAL TERM | |
| Topical term or geographic name entry element | Telecommunication Engineering |
| 942 ## - ADDED ENTRY ELEMENTS (KOHA) | |
| Source of classification or shelving scheme | |
| Koha item type | Book |
| Withdrawn status | Lost status | Source of classification or shelving scheme | Damaged status | Not for loan | Permanent Location | Current Location | Shelving location | Date acquired | Full call number | Barcode | Date last seen | Price effective from | Koha item type | Public note | Collection code | Total Checkouts |
|---|---|---|---|---|---|---|---|---|---|---|---|---|---|---|---|---|
| Military College of Signals (MCS) | Military College of Signals (MCS) | General Stacks | 12/12/2016 | 621.38132,FLO | MCS34577 | 12/08/2016 | 12/12/2016 | Book | Almirah No.32, Shelf No.3 | |||||||
| Military College of Signals (MCS) | Military College of Signals (MCS) | General Stacks | 12/12/2016 | 621.38132,FLO | MCS34803 | 12/08/2016 | 12/12/2016 | Book | Almirah No.32, Shelf No.3 | |||||||
| Military College of Signals (MCS) | Military College of Signals (MCS) | General Stacks | 12/12/2016 | 621.38132,FLO | MCS36239 | 12/08/2016 | 12/12/2016 | Book | Almirah No.32, Shelf No.3 | |||||||
| Military College of Signals (MCS) | Military College of Signals (MCS) | 12/12/2016 | 621.38132 FLO | MCS36240 | 12/08/2016 | 12/12/2016 | Book | |||||||||
| Military College of Signals (MCS) | Military College of Signals (MCS) | General Stacks | 12/12/2016 | 621.38132,FLO | MCS36854 | 12/08/2016 | 12/12/2016 | Book | Almirah No.32, Shelf No.3 |
